Movies Quiz

Random Movies or State Quiz

Movie by City Quiz Stats

 Plays Quiz Updated Dec 6, 2018

Also try: TV by City
Challenge
Share
Tweet
Embed
Score 0/36 Timer 12:00
0 Plays Today
Actor (Year) Movie % Correct
Leonardo DiCaprio (2002)Gangs of New York
70.6%
Tom Hanks (1993)Sleepless in Seattle
60.7%
Richard Gere (2002)Chicago
59.5%
Kim Basinger (1997)L.A. Confidential
46.1%
Elisabeth Shue (1995)Leaving Las Vegas
44.1%
Mike Myers (2002)Austin Powers in Goldmember
33%
Adam Sandler (1995)Billy Madison
30.9%
Katharine Hepburn (1940)The Philadelphia Story
30.4%
James Stewart (1939)Mr. Smith Goes to Washington
29.1%
Judy Garland (1944)Meet Me in St. Louis
25.3%
Emma Watson (2007)Harry Potter and the Order of the Phoenix
25.2%
Kevin Costner (1988)Bull Durham
22.1%
Edward Furlong (1999)Detroit Rock City
17.4%
Will Smith (1996)Independence Day
16.3%
Dakota Fanning (2006)Charlotte's Web
15.8%
Ned Beatty (1975)Nashville
15.3%
Michael J. Fox (1991)Doc Hollywood
14.2%
Nick Nolte (1979)North Dallas Forty
13.4%
Actor (Year) Movie % Correct
Andy Garcia (1995)Things to Do in Denver When You're Dead
10.7%
Matthew Modine (1990)Memphis Belle
9.9%
Malcolm McDowell (1971)A Clockwork Orange
9.3%
Steve McQueen (1965)The Cincinnati Kid
8.8%
Miranda Richardson (1996)Kansas City
6.9%
Cate Blanchett (1998)Elizabeth
6.1%
Nicolas Cage (2009)Bad Lieutenant: Port of Call: New Orleans
6%
Richard Benjamin (1969)Goodbye Columbus
5.7%
Alec Baldwin (1990)Miami Blues
5.6%
Tilda Swinton (1992)Orlando
5.3%
Christina Ricci (1998)Buffalo '66
5.1%
Johnny Depp (1993) What's Eating Gilbert Grape
4.8%
Shawn Hatosy (1999)Outside Providence
4%
Jeff Bridges (1999)Arlington Road
3.5%
James Coburn (1966)Our Man Flint
2.3%
Henry Fonda (1939)Young Mr. Lincoln
2.2%
Richard Dreyfuss (1993)Lost In Yonkers
2.1%
Logan Lerman (2010)Percy Jackson & the Olympians: The Lightning Thief
1.9%

You're not logged in!

Compare scores with friends on all Sporcle quizzes.
OR
Log In

You Might Also Like...

Show Comments

Extras

Top Quizzes Today


Score Distribution

Your Account Isn't Verified!

In order to create a playlist on Sporcle, you need to verify the email address you used during registration. Go to your Sporcle Settings to finish the process.

Report this User

Report this user for behavior that violates our Community Guidelines.

Details: